Miasta przez które przebiega A2 - Statystyki

Ogólne statystyki
  • Ten quiz został rozwiązany 21 razy
  • Średni wynik to 10 z 21
Statystyki odpowiedzi
Miasto % Poprawnych
Poznań
94%
Warszawa
94%
Konin
75%
Września
75%
Siedlce
69%
Grodzisk Mazowiecki
63%
Mińsk Mazowiecki
63%
Nowy Tomyśl
56%
Pruszków
50%
Słubice
50%
Stryków
50%
Buk
44%
Luboń
38%
Zgierz
38%
Ozorków
31%
Rzepin
31%
Brwinów
25%
Kałuszyn
25%
Żyrardów
25%
Bolimów
13%
Parzęczew
13%
Nie znaleziono quizów pasujących do podanych kryteriów
Rozkład punktacji
Procent ludzi z każdym wynikiem
Percentyl według liczby udzielonych odpowiedzi
Twoja historia wyników
Nie rozwiązałeś tego quizu